| 000 | 00518nam a2200193Ia 4500 | ||
|---|---|---|---|
| 008 | 240510s9999 xx 000 0 und d | ||
| 020 | _a155860622X | ||
| 041 | _aEng | ||
| 082 | _a005.72 | ||
| 082 | _bA13 | ||
| 100 | _aABITEBOUL S. : BUNEMAN P. : SUCIU D. | ||
| 245 | 0 | _aDATA ON THE WEB:FROM RELATIONS TO SEMISTRUCTURED DATA AND XML | |
| 260 | _bCALIFORNIA : MORGAN KAUFFMANN | ||
| 260 | _c2000 | ||
| 300 | _a257 p. | ||
| 650 | _aDATABASE MANAGEMENT : XML : WORLD WIDE WEB | ||
| 942 | _2ddc | ||
| 942 | _cRBK | ||
| 999 |
_c26454 _d26454 |
||
| 945 |
_a1 _bMadushi Gamage _c1 _dMadushi Gamage |
||